All Sith (Canon) - Statistics

General Stats
  • This quiz has been taken 55 times
  • The average score is 15 of 40
Answer Stats
Hint Name % Correct
Most popular of all Sith. Darth Vader
100%
First apprentice to above. Darth Maul
97%
Above's Master. Darth Sidious
92%
Master of number 2. Darth Plagueis
85%
Apprentice of 2 during the Clone Wars. Darth Tyranus
82%
The one who created the rule of two. Darth Bane
77%
Has a purple and red lightsaber. Dripped out. Darth Revan
77%
Son of Han Solo and Leia Organa. Kylo Ren
77%
Brother of Darth Maul. Savage Oppress
72%
Supreme Leader for First Order. Snoke
69%
The Third Sister. Reva
56%
A Sith assassin for Darth Tyranus. Asajj Ventress
51%
Master of Darth Noctyss Darth Sanguis
49%
Darth Plagueis's Master Darth Tenebrous
49%
Briefly turned to dark side and had love interest with Ventress. Quinlan Vos
46%
Apprentice of Luminara Unduli. Barris Offee
44%
Trained by Darth Shaa Darth Momin
44%
Apprentice of Darth Sanguis Darth Noctyss
44%
Second in Command of the Inquisitors. Grand Inquisitor
44%
Played by Sung Kang in the Kenobi show. Fifth Brother
33%
Killed by Darth Momin Darth Shaa
31%
This inquisitor is another Mirialan and liked to use the ID9 Droids. Seventh Sister
31%
Dryden Vos had mentioned, that the base of his desk was obsidian stone stolen from this Sith Lords temple. Exar Kun
28%
First appeared in the 2016 novel Ahsoka. Once known as Ben Valen. Sixth Brother
21%
Once known as Prosset Dibs. Tenth Brother
21%
A Terrelian Jango Jumper. Eighth Brother
18%
In the Ahsoka Series. Marrok
15%
The Ninth Sister. Masana Tide
15%
Believed to have discovered essence transfer. Darth Andeddu
13%
From Utapau. Not much is known about him. Darth Desolous
13%
Once known as Iskat Akaris. Thirteenth Sister
10%
One of the statues that Kylo Ren see's when entering the Sith Citadel on Exegol Naga Sadow
8%
The Second Sister. Apprentice of Cere Junda. Trilla Sudari
8%
His apprentice was turned to stone. Darth Caldoth
5%
His Jedi name was Radaki. Darth Krall
5%
Not much is known about her in the Canon world. Darth Phobos
5%
She created the Sith super weapon in the Sith Temple on Malachor. Darth Tanis
5%
He was always close to above even though he was left for dead from above during Order 66. Tualon Yaluna
5%
Turned to stone when trying to kill his master. Ry Nymbis
3%
We learn more about The Fourth Sister in Tales of The Empire. Linn Rakish
0%
No matching quizzes found
Score Distribution
Percent of People with Each Score
Percentile by Number Answered
Your Score History
You have not taken this quiz